| Tag |
First Indicator |
Second Indicator |
Subfields |
| LEADER |
00000cam a2200000 4500 |
| 001 |
in00000061675 |
| 005 |
20151008050600.0 |
| 008 |
720913s1950 nyu b 00000 eng |
| 010 |
|
|
|a 51009070
|
| 035 |
|
|
|a (OCoLC)00406140
|
| 035 |
|
|
|9 AAG1929AM
|
| 040 |
|
|
|c MRC
|d TXA
|d UtOrBLW
|
| 049 |
|
|
|a TXAM
|c [203472]
|
| 090 |
|
|
|a JN389.D4
|b H6
|
| 092 |
|
|
|a 336.1
|b H871r
|
| 100 |
1 |
|
|a Hoyt, Robert S.
|q (Robert Stuart)
|
| 245 |
1 |
4 |
|a The royal demesne in English constitutional history: 1066-1272.
|
| 264 |
|
1 |
|a Ithaca :
|b Published for the American Historical Association [by] Cornell University Press,
|c 1950.
|
| 300 |
|
|
|a xii, 253 pages
|
| 336 |
|
|
|a text
|b txt
|2 rdacontent
|
| 337 |
|
|
|a unmediated
|b n
|2 rdamedia
|
| 338 |
|
|
|a volume
|b nc
|2 rdacarrier
|
| 504 |
|
|
|a Bibliography: pages 236-241.
|
| 650 |
|
0 |
|a Crown lands
|z Great Britain.
|
| 999 |
|
|
|a MARS
|
| 999 |
f |
f |
|s 01f04bcc-1980-39ca-8d61-cc5caa913e34
|i 69dcdc9c-3a3c-37a7-8e29-79253dbfd46d
|t 0
|
| 952 |
f |
f |
|p ric
|a Texas A&M University
|b Rellis Campus
|c Joint Library Facility
|d Remote Storage
|t 0
|e JN389.D4 H6
|h Library of Congress classification
|i unmediated -- volume
|m A14800747887
|
| 998 |
f |
f |
|a JN389.D4 H6
|t 0
|l Remote Storage
|